[Event "M.Chigorin Memorial 2014"]
[Site "St. Petersburg"]
[Date "2014.10.21"]
[Round "4.109"]
[White "Sarana, Alexey"]
[Black "Klevets, Ksenia"]
[Result "1-0"]
[WhiteElo "2416"]
[BlackElo "1850"]
[PlyCount "53"]
[EventDate "2014.10.18"]

1. c4 e5 2. Nc3 Nf6 3. Nf3 Nc6 4. a3 d5 5. cxd5 Nxd5 6. Qc2 Be7 7. e3 a6 8. b4
Nxc3 9. dxc3 Be6 10. Bd3 g6 11. O-O O-O 12. e4 Bf6 13. Be3 Re8 14. Rfd1 Qc8 15.
Qe2 Bg7 16. Ng5 h6 17. Nxe6 Qxe6 18. Bc4 Qf6 19. Rd7 Re7 20. Rd3 b6 21. Rad1 g5
22. a4 a5 23. b5 Na7 24. Bc1 Bf8 25. Ba3 Re6 26. Bxe6 Qxe6 27. Rd8 1-0

[Event "M.Chigorin Memorial 2014"]
[Site "St. Petersburg"]
[Date "2014.10.21"]
[Round "4.110"]
[White "Zhdanov, Petr"]
[Black "Bodnaruk, Anastasia"]
[Result "0-1"]
[WhiteElo "2040"]
[BlackElo "2440"]
[PlyCount "70"]
[EventDate "2014.10.18"]

1. e4 d6 2. d4 Nf6 3. Nc3 g6 4. Be3 Bg7 5. f3 c6 6. Qd2 b5 7. O-O-O h5 8. Nh3
Nfd7 9. f4 Nb6 10. Ng5 b4 11. Nb1 a5 12. e5 f6 13. exf6 exf6 14. Nf3 O-O 15.
Nh4 Qe8 16. Bd3 f5 17. h3 Nd5 18. Rde1 Qf7 19. g4 Bf6 20. g5 Bg7 21. b3 Nd7 22.
Bc4 N7b6 23. Bxd5 Nxd5 24. c4 bxc3 25. Nxc3 Nxc3 26. Qxc3 a4 27. Kd1 axb3 28.
axb3 c5 29. Rh2 Ra3 30. Rb2 Re8 31. Nf3 Qd5 32. Bf2 Ra1+ 33. Kd2 Raxe1 34. Nxe1
Ba6 35. Kc1 cxd4 0-1

[Event "M.Chigorin Memorial 2014"]
[Site "St. Petersburg"]
[Date "2014.10.21"]
[Round "4.111"]
[White "Shuster, Andrei"]
[Black "Batyuk, Artem"]
[Result "1/2-1/2"]
[WhiteElo "2038"]
[BlackElo "2324"]
[PlyCount "93"]
[EventDate "2014.10.18"]

1. e4 c5 2. a3 g6 3. b4 Bg7 4. Nc3 cxb4 5. axb4 d6 6. Bb2 Nf6 7. d4 O-O 8. b5
Nbd7 9. Nf3 b6 10. Bc4 Bb7 11. Qe2 Qc7 12. Bd3 e5 13. dxe5 dxe5 14. O-O Nc5 15.
Ra2 Nxd3 16. cxd3 a5 17. bxa6 Rxa6 18. Rxa6 Bxa6 19. Ra1 Bb7 20. Rc1 Nd7 21.
Nb5 Qb8 22. Ba3 Rc8 23. Rxc8+ Bxc8 24. Qc2 Nc5 25. Bxc5 bxc5 26. Nc3 Be6 27.
Nd5 h6 28. h3 Kh7 29. Qc4 Qa7 30. Kh2 Qa5 31. Qb3 Qd8 32. Qc4 Qd6 33. Kg1 f5
34. Nd2 Bf8 35. Nb3 Bxd5 36. Qxd5 Qxd5 37. exd5 Kg7 38. Nd2 Kf6 39. Nc4 h5 40.
Kf1 e4 41. dxe4 fxe4 42. Ke2 Kf5 43. Kd2 Bg7 44. Ke2 Bd4 45. Ke1 Bc3+ 46. Ke2
Bd4 47. Ke1 1/2-1/2

[Event "M.Chigorin Memorial 2014"]
[Site "St. Petersburg"]
[Date "2014.10.21"]
[Round "4.112"]
[White "Donskov, Anatoly"]
[Black "Martynyuk, Elizaveta"]
[Result "1/2-1/2"]
[WhiteElo "2309"]
[BlackElo "2046"]
[PlyCount "79"]
[EventDate "2014.10.18"]

1. e4 c5 2. Nf3 Nc6 3. d4 cxd4 4. Nxd4 g6 5. c4 Nf6 6. Nc3 Nxd4 7. Qxd4 d6 8.
f3 Bg7 9. Be3 O-O 10. Qd2 Be6 11. Rc1 Nd7 12. Be2 a5 13. b3 Nc5 14. O-O a4 15.
b4 Nd7 16. a3 Nb6 17. Nd5 Nxd5 18. exd5 Bd7 19. Bd4 Bxd4+ 20. Qxd4 b6 21. Bd3
Rc8 22. f4 Bf5 23. Bxf5 gxf5 24. Rf3 f6 25. Qd3 Qd7 26. Re3 Rc7 27. Re6 Rf7 28.
Qxf5 Kh8 29. Qe4 Rg7 30. g3 h5 31. Kf2 h4 32. Qf3 Qe8 33. Rce1 hxg3+ 34. hxg3
Rf7 35. Kg2 Qf8 36. Rh1+ Rh7 37. Rxh7+ Kxh7 38. Kh2 Qh6+ 39. Kg2 Rd7 40. Qe4+
1/2-1/2

[Event "M.Chigorin Memorial 2014"]
[Site "St. Petersburg"]
[Date "2014.10.21"]
[Round "4.113"]
[White "Sindarov, Javokhir"]
[Black "Strugnell, Carl"]
[Result "0-1"]
[WhiteElo "1994"]
[BlackElo "2297"]
[PlyCount "96"]
[EventDate "2014.10.18"]

1. e4 e6 2. d4 d5 3. Nd2 Nf6 4. e5 Nfd7 5. Bd3 c5 6. c3 Nc6 7. Ne2 cxd4 8. cxd4
f6 9. exf6 Nxf6 10. O-O Bd6 11. Nf3 O-O 12. Bf4 Bxf4 13. Nxf4 Ng4 14. Ne2 Qf6
15. Ng3 Kh8 16. Bc2 Bd7 17. Qd3 g6 18. Qd2 Qg7 19. h3 Rxf3 20. gxf3 Nxd4 21.
Bd1 Ne5 22. Kg2 Nc4 23. Qc3 Rf8 24. Re1 Bc6 25. b3 Nd6 26. Qe3 Nf7 27. f4 Nc2
28. Bxc2 d4+ 29. Qe4 Bxe4+ 30. Bxe4 Nd6 31. Bd3 Qf6 32. Rad1 Qxf4 33. Re2 e5
34. Rdd2 Nf5 35. Be4 b6 36. Bd5 Nxg3 37. fxg3 Qf1+ 38. Kh2 d3 39. Rg2 Rd8 40.
Be4 Rd4 41. Rgf2 Qxf2+ 42. Rxf2 Rxe4 43. Kg1 Re1+ 44. Kg2 e4 45. Rd2 Rc1 46.
Kf2 Rc2 47. Ke3 Rxd2 48. Kxd2 Kg7 0-1

[Event "M.Chigorin Memorial 2014"]
[Site "St. Petersburg"]
[Date "2014.10.21"]
[Round "4.114"]
[White "Gutkind, Kedem"]
[Black "Shemeakin, Alexander"]
[Result "0-1"]
[WhiteElo "1993"]
[BlackElo "2270"]
[PlyCount "56"]
[EventDate "2014.10.18"]

1. e4 e6 2. d4 d5 3. Nc3 Nf6 4. Bg5 dxe4 5. Nxe4 Nbd7 6. Nf3 h6 7. Nxf6+ Nxf6
8. Be3 Bd6 9. c4 O-O 10. Be2 b6 11. O-O Bb7 12. Rc1 c5 13. dxc5 bxc5 14. h3 Qc7
15. Qb3 Ne4 16. Rcd1 f5 17. Rxd6 Qxd6 18. Qxb7 Rfb8 19. Bf4 Rxb7 20. Bxd6 Nxd6
21. b3 Nf7 22. Ne1 Rd8 23. Nd3 Rc7 24. f4 Nd6 25. Bf3 Nxc4 26. bxc4 Rxd3 27.
Re1 Kf7 28. Bd1 Rd4 0-1

[Event "M.Chigorin Memorial 2014"]
[Site "St. Petersburg"]
[Date "2014.10.21"]
[Round "4.115"]
[White "Bezstrakhov, Dmitry"]
[Black "Davletbayeva, Madina"]
[Result "0-1"]
[WhiteElo "1987"]
[BlackElo "2263"]
[PlyCount "52"]
[EventDate "2014.10.18"]

1. d4 Nf6 2. c4 e6 3. Nc3 Bb4 4. a3 Bxc3+ 5. bxc3 c5 6. f3 O-O 7. e4 d5 8. Bd3
dxe4 9. fxe4 Nxe4 10. Nf3 f5 11. Qc2 cxd4 12. cxd4 Qa5+ 13. Nd2 Nc6 14. Bb2 e5
15. d5 Nd4 16. Bxd4 exd4 17. Rd1 Bd7 18. O-O Ba4 19. Nb3 Qb6 20. Rb1 Nc5 21.
Bxf5 Bxb3 22. Qd2 Qa6 23. Qb4 Qxc4 24. Rxb3 Qxb3 25. Qxc5 Qe3+ 26. Kh1 Rxf5 0-1

[Event "M.Chigorin Memorial 2014"]
[Site "St. Petersburg"]
[Date "2014.10.21"]
[Round "4.116"]
[White "Pershin, Denis"]
[Black "Gorin, Alexandr"]
[Result "1-0"]
[WhiteElo "2263"]
[BlackElo "2000"]
[PlyCount "109"]
[EventDate "2014.10.18"]

1. e4 g6 2. h4 h5 3. d4 Bg7 4. Nf3 d6 5. Bc4 Nf6 6. e5 dxe5 7. Nxe5 Rf8 8. Qd3
Nd5 9. Qb3 e6 10. Bg5 f6 11. Qd3 Ne7 12. Nxg6 fxg5 13. Nxf8 Kxf8 14. hxg5 Nf5
15. c3 Qxg5 16. Nd2 Nd6 17. Nf3 Qf5 18. Qxf5+ exf5 19. Bd3 Ne4 20. Rxh5 Nc6 21.
Bxe4 fxe4 22. Nd2 Ne7 23. Nxe4 Bf5 24. f3 Bg6 25. Rh1 Nf5 26. Kf2 Re8 27. Rae1
Bf7 28. b3 b6 29. Ng5 Bg8 30. Rxe8+ Kxe8 31. g4 Nd6 32. Re1+ Kd7 33. Ne4 Nb5
34. Kg3 a5 35. g5 Bd5 36. Re3 Bxe4 37. fxe4 c5 38. a4 cxd4 39. cxd4 Nxd4 40.
Kg4 Ke6 41. Kh5 Kf7 42. Rc3 Be5 43. Rh3 Kg7 44. Kg4 Bc7 45. Rh6 b5 46. axb5
Nxb5 47. Ra6 Bd8 48. e5 Kf7 49. g6+ Kg7 50. Kh5 Bc7 51. e6 Bd8 52. Ra8 Bf6 53.
Rxa5 Nd6 54. Ra7+ Kg8 55. e7 1-0

[Event "M.Chigorin Memorial 2014"]
[Site "St. Petersburg"]
[Date "2014.10.21"]
[Round "4.117"]
[White "Kosarev, Aleksey"]
[Black "Kopasov, Evgeny"]
[Result "1-0"]
[WhiteElo "2237"]
[BlackElo "1997"]
[PlyCount "41"]
[EventDate "2014.10.18"]

1. e4 c5 2. Nf3 d6 3. Bb5+ Bd7 4. Bxd7+ Qxd7 5. O-O Nc6 6. Qe2 Nf6 7. Rd1 g5 8.
c3 g4 9. Nh4 Rg8 10. d4 cxd4 11. cxd4 d5 12. Nc3 dxe4 13. d5 Ne5 14. Nxe4 Nxe4
15. Qxe4 Ng6 16. Nf5 O-O-O 17. Be3 Kb8 18. Rd4 h5 19. Ra4 a6 20. Qd4 Qxf5 21.
Rc1 1-0

[Event "M.Chigorin Memorial 2014"]
[Site "St. Petersburg"]
[Date "2014.10.21"]
[Round "4.118"]
[White "Petrushev., Nikita"]
[Black "Klukin, Kirill"]
[Result "0-1"]
[WhiteElo "1974"]
[BlackElo "2234"]
[PlyCount "100"]
[EventDate "2014.10.18"]

1. e4 c5 2. Nf3 Nc6 3. d4 cxd4 4. Nxd4 e5 5. Nb5 d6 6. N1c3 a6 7. Na3 b5 8. Nd5
Nge7 9. c4 Nxd5 10. cxd5 Nd4 11. Be3 g6 12. Nc2 Nxc2+ 13. Qxc2 Bd7 14. Bd3 Bg7
15. O-O O-O 16. Rac1 Rc8 17. Qd2 f5 18. Rxc8 Bxc8 19. f3 f4 20. Bf2 g5 21. h3
h5 22. Be2 Qf6 23. Rc1 g4 24. fxg4 hxg4 25. hxg4 Qg6 26. Qd1 Qxe4 27. Bd3 Qb4
28. a3 Qxb2 29. Rc2 Qxa3 30. Qf3 Qa4 31. Bg6 Bd7 32. Qh3 Rc8 33. Rxc8+ Bxc8 34.
Qh7+ Kf8 35. Be1 Qd4+ 36. Kh1 e4 37. Bxe4 Bxg4 38. Bh4 Qa1+ 39. Kh2 Qe5 40. Qg6
Bh5 41. Qh7 Bf7 42. Bf3 Bxd5 43. Bxd5 Qxd5 44. Qg6 Qe5 45. Qg4 Kg8 46. Qc8+ Kh7
47. Qc2+ Kh6 48. Qd2 Qd4 49. Qe2 Be5 50. Qf3 Qe3 0-1

[Event "M.Chigorin Memorial 2014"]
[Site "St. Petersburg"]
[Date "2014.10.21"]
[Round "4.119"]
[White "Bebchuk, Boris"]
[Black "Smiyan, Vladimir"]
[Result "1-0"]
[WhiteElo "2204"]
[BlackElo "1994"]
[PlyCount "91"]
[EventDate "2014.10.18"]

1. d4 d5 2. c4 c6 3. Nf3 Nf6 4. Nc3 a6 5. e3 b5 6. b3 Bg4 7. Be2 e6 8. O-O Be7
9. Bb2 O-O 10. h3 Bh5 11. Qc2 Bg6 12. Bd3 Nbd7 13. Bxg6 hxg6 14. Rfd1 Rc8 15.
Qe2 Bd6 16. Rac1 Qe7 17. e4 dxe4 18. Nxe4 Nxe4 19. Qxe4 Nf6 20. Qe2 Rfe8 21.
Rc2 Qb7 22. Qd2 Red8 23. Qg5 Qe7 24. Qc1 Qb7 25. Ba3 Bb8 26. Re1 a5 27. Qg5 a4
28. bxa4 bxc4 29. Rxc4 Nd5 30. Qc1 Qa6 31. Qc2 Rd7 32. Rc1 Bf4 33. Rb1 Kh8 34.
Ne5 Bxe5 35. dxe5 Ra7 36. Rb3 Qa5 37. Bd6 Ra6 38. Rg3 Kg8 39. Kh2 Qe1 40. Rcg4
Ra7 41. h4 Rb7 42. Rf3 Rb1 43. Rxf7 Qh1+ 44. Kg3 Rg1 45. Rxg7+ Kh8 46. Rh7+ 1-0

[Event "M.Chigorin Memorial 2014"]
[Site "St. Petersburg"]
[Date "2014.10.21"]
[Round "4.120"]
[White "Vorobjev, Dmitry"]
[Black "Soldatov, Arnold"]
[Result "1-0"]
[WhiteElo "2199"]
[BlackElo "1984"]
[PlyCount "77"]
[EventDate "2014.10.18"]

1. e4 c5 2. Nf3 d6 3. d4 cxd4 4. Nxd4 Nf6 5. Nc3 a6 6. Bg5 Nbd7 7. Qe2 Qc7 8.
f4 e5 9. fxe5 dxe5 10. Nf5 h6 11. Bd2 Nb6 12. Qf3 Bxf5 13. Qxf5 Nbd7 14. O-O-O
Rc8 15. Bd3 Nc5 16. Be1 b5 17. a3 Be7 18. Bg3 Nfd7 19. Kb1 g6 20. Qh3 Nxd3 21.
Rxd3 Nb6 22. Rhd1 h5 23. Bxe5 Qxe5 24. Nd5 Bf6 25. c3 O-O 26. Nxb6 Rc6 27. Nd7
Qxe4 28. Nxf8 Kxf8 29. Qf3 Qxf3 30. Rxf3 a5 31. Rd7 Rb6 32. Rfd3 Be7 33. Ra7 b4
34. Rdd7 Re6 35. cxb4 axb4 36. axb4 f5 37. b5 Ke8 38. b6 Bc5 39. Rh7 1-0

[Event "M.Chigorin Memorial 2014"]
[Site "St. Petersburg"]
[Date "2014.10.21"]
[Round "4.121"]
[White "Klyuev, Alexander S"]
[Black "Isaev, Chingys"]
[Result "1/2-1/2"]
[WhiteElo "2181"]
[BlackElo "1977"]
[PlyCount "82"]
[EventDate "2014.10.18"]

1. d4 d5 2. c4 e6 3. Nf3 Nf6 4. g3 dxc4 5. Bg2 c5 6. Qa4+ Bd7 7. Qxc4 Bc6 8.
dxc5 Bd5 9. Qa4+ Bc6 10. Qc2 Nbd7 11. O-O Bxc5 12. Nc3 O-O 13. Na4 Be7 14. Nc3
Bc5 15. b3 Rc8 16. Bb2 b5 17. Qd3 Qb6 18. a4 a6 19. axb5 axb5 20. Qb1 Rfd8 21.
Ng5 Bxg2 22. Kxg2 Bd4 23. Nce4 Bxb2 24. Qxb2 h6 25. Nxf6+ Nxf6 26. Nf3 Ne4 27.
Rac1 Rxc1 28. Qxc1 Qd6 29. Qe3 Qd5 30. Rc1 Ra8 31. Qd4 Qxd4 32. Nxd4 Nd6 33.
Kf3 Kf8 34. e4 e5 35. Nc6 f6 36. Ke3 Ke8 37. f4 Kd7 38. Nb4 g6 39. Nd3 Ke6 40.
Nc5+ Ke7 41. Nd3 Ke6 1/2-1/2

[Event "M.Chigorin Memorial 2014"]
[Site "St. Petersburg"]
[Date "2014.10.21"]
[Round "4.122"]
[White "Bezhenar, Georgy"]
[Black "Menkov, Aleksandr"]
[Result "0-1"]
[WhiteElo "1969"]
[BlackElo "2170"]
[PlyCount "110"]
[EventDate "2014.10.18"]

1. d4 Nf6 2. c4 g6 3. g3 Bg7 4. Bg2 d6 5. Nc3 O-O 6. e4 Nc6 7. Nge2 e5 8. d5
Na5 9. Qd3 c5 10. O-O a6 11. h3 Rb8 12. Be3 b5 13. b3 bxc4 14. bxc4 Rb4 15. a3
Rxc4 16. Bd2 Bd7 17. Nd1 Bb5 18. Qb1 Ra4 19. Ndc3 Nc4 20. Bc1 Ra5 21. a4 Bd7
22. Qb3 Nb6 23. Bd2 Qc7 24. Rfb1 Rb8 25. Rb2 Be8 26. Nb5 Rxb5 27. axb5 axb5 28.
Rba2 Na4 29. f4 Nd7 30. Rb1 c4 31. Qb4 Ndc5 32. Qa5 Qxa5 33. Bxa5 exf4 34. Bc7
Rb7 35. Bxd6 b4 36. e5 b3 37. Ra3 fxg3 38. Bxc5 Nxc5 39. Ra8 Re7 40. e6 c3 41.
Rc8 Nb7 42. Nxc3 Nd6 43. Rd8 Bxc3 44. Rxd6 fxe6 45. dxe6 b2 46. Be4 Be5 47. Ra6
Kg7 48. Kg2 Rc7 49. Ra8 Re7 50. Bd5 g5 51. Be4 Rxe6 52. Ra7+ Kf8 53. Bxh7 Bc6+
54. Kf1 g2+ 55. Ke2 Bd4+ 0-1

[Event "M.Chigorin Memorial 2014"]
[Site "St. Petersburg"]
[Date "2014.10.21"]
[Round "4.123"]
[White "Mikhailov, Ivan"]
[Black "Nazaretyan, Tigran"]
[Result "0-1"]
[WhiteElo "1959"]
[BlackElo "2168"]
[PlyCount "88"]
[EventDate "2014.10.18"]

1. d4 Nf6 2. c4 c5 3. d5 e6 4. Nc3 exd5 5. cxd5 d6 6. e4 g6 7. f4 Bg7 8. Bb5+
Nfd7 9. a4 O-O 10. Nge2 Na6 11. O-O Nc7 12. Bc4 b6 13. Ng3 a6 14. Qd3 Qh4 15.
Be3 Nf6 16. Kh1 Ng4 17. Bg1 Bd7 18. e5 dxe5 19. f5 e4 20. Ncxe4 b5 21. Ba2 c4
22. Qd2 Rad8 23. h3 Be5 24. Rf3 Bc6 25. fxg6 hxg6 26. Qg5 Qxg5 27. Nxg5 Bxd5
28. Rff1 Bxg3 29. hxg4 Be5 30. axb5 axb5 31. Bc5 Rfe8 32. Bb1 Bxb2 33. Ra7 Be5
34. Bb6 Rd7 35. Re1 Ree7 36. Bc5 Bd6 37. Rxe7 Bxe7 38. Bxe7 Rxe7 39. Kh2 b4 40.
Nf3 Bxf3 41. gxf3 b3 42. Rb7 Nd5 43. Rb5 Nc3 44. Rb8+ Kg7 0-1

[Event "M.Chigorin Memorial 2014"]
[Site "St. Petersburg"]
[Date "2014.10.21"]
[Round "4.124"]
[White "Radkov, Bazhen D"]
[Black "Pustovidko, Anastasia"]
[Result "0-1"]
[WhiteElo "2160"]
[BlackElo "1955"]
[PlyCount "60"]
[EventDate "2014.10.18"]

1. d4 Nf6 2. c4 e6 3. g3 b6 4. Bg2 d5 5. Nf3 Bb4+ 6. Bd2 Be7 7. O-O O-O 8. Qc2
Ba6 9. b3 c5 10. Bf4 Nc6 11. dxc5 bxc5 12. Rd1 Ne4 13. Nbd2 Nb4 14. Qc1 f5 15.
Ne5 Qc8 16. Nxe4 dxe4 17. f3 Bf6 18. fxe4 g5 19. exf5 gxf4 20. gxf4 Bb7 21.
Bxb7 Qxb7 22. a3 Kh8 23. axb4 Bxe5 24. fxe5 Rxf5 25. Rd3 Rg8+ 26. Rg3 Rxg3+ 27.
hxg3 Rh5 28. Kf2 Qe4 29. Qc3 Rh2+ 30. Ke1 Qxe2# 0-1

[Event "M.Chigorin Memorial 2014"]
[Site "St. Petersburg"]
[Date "2014.10.21"]
[Round "4.125"]
[White "Dilmukhametov, Artur"]
[Black "Voronenkov, Sergey"]
[Result "1/2-1/2"]
[WhiteElo "2157"]
[BlackElo "1950"]
[PlyCount "92"]
[EventDate "2014.10.18"]

1. e4 e5 2. Nf3 Nc6 3. Bb5 Nf6 4. O-O Nxe4 5. d4 Nd6 6. dxe5 Nxb5 7. a4 Nbd4 8.
Nxd4 Nxd4 9. Qxd4 d5 10. exd6 Qxd6 11. Qe4+ Qe6 12. Qd4 Qd6 13. Qe3+ Be6 14.
Na3 a6 15. Qf3 Qc6 16. Qg3 Bd6 17. Bf4 Bxf4 18. Qxf4 O-O 19. Rfe1 Rad8 20. Re3
Qd6 21. Qf3 Qd5 22. Qe2 Qd2 23. Kf1 Rd4 24. Qxd2 Rxd2 25. Re2 Rd4 26. b3 Rfd8
27. Rae1 g6 28. f3 Kg7 29. Kf2 Kf6 30. Nb1 h5 31. Re4 c5 32. Rxd4 Rxd4 33. Ke3
Bf5 34. Nd2 Rd7 35. Rc1 b5 36. axb5 axb5 37. Ne4+ Bxe4 38. fxe4 Ke5 39. c4 b4
40. Rf1 f6 41. Ra1 Rd4 42. Ra5 Rxe4+ 43. Kd3 Rd4+ 44. Ke3 Re4+ 45. Kd3 Rd4+ 46.
Ke3 Re4+ 1/2-1/2

[Event "M.Chigorin Memorial 2014"]
[Site "St. Petersburg"]
[Date "2014.10.21"]
[Round "4.126"]
[White "Dushin, Nikolay"]
[Black "Pogosian, Vladimir"]
[Result "1-0"]
[WhiteElo "1947"]
[BlackElo "2156"]
[PlyCount "147"]
[EventDate "2014.10.18"]

1. d4 Nf6 2. Nf3 d6 3. g3 Nbd7 4. Bg2 e5 5. dxe5 dxe5 6. O-O Bc5 7. Nc3 c6 8.
Nh4 O-O 9. Na4 Bb4 10. a3 Ba5 11. b4 Bc7 12. c4 e4 13. Nc3 Be5 14. Qc2 Nb6 15.
Rd1 Qe7 16. Rb1 Bxc3 17. Qxc3 Qe6 18. c5 Nbd5 19. Qd4 a5 20. f4 axb4 21. axb4
Ra4 22. f5 Qe7 23. Rb3 Re8 24. Bb2 Nc7 25. Qd6 Ncd5 26. Qxe7 Rxe7 27. b5 Bd7
28. bxc6 Bxc6 29. h3 Nd7 30. Rc1 f6 31. Bf1 Kf7 32. Ng2 g6 33. fxg6+ hxg6 34.
e3 Ne5 35. Bxe5 Rxe5 36. Nf4 g5 37. Nxd5 Bxd5 38. Rb2 Ra5 39. Bc4 Rxc5 40.
Bxd5+ Rexd5 41. Rxb7+ Kg6 42. Rxc5 Rxc5 43. Re7 f5 44. g4 Kf6 45. Re8 Kf7 46.
Ra8 f4 47. Ra4 Re5 48. Kf2 f3 49. Ra7+ Kf6 50. Ra6+ Re6 51. Ra5 Rc6 52. Rf5+
Kg6 53. Re5 Rc4 54. Kg3 Kf6 55. Rf5+ Ke6 56. Rxg5 Rc3 57. h4 Rxe3 58. h5 Re1
59. Rf5 Rh1 60. Kf2 Rh2+ 61. Kg3 Rg2+ 62. Kh4 Rg1 63. h6 Rh1+ 64. Kg5 Rh2 65.
Kf4 Rh4 66. Kg5 Rh3 67. Kf4 Rh4 68. Kg5 Rh1 69. Kg6 Rh4 70. g5 Rh3 71. h7 e3
72. Rxf3 e2 73. Rxh3 e1=Q 74. h8=Q 1-0

[Event "M.Chigorin Memorial 2014"]
[Site "St. Petersburg"]
[Date "2014.10.21"]
[Round "4.127"]
[White "Hefner, Felix"]
[Black "Yakimov, S.Y."]
[Result "1/2-1/2"]
[WhiteElo "1938"]
[BlackElo "2155"]
[PlyCount "115"]
[EventDate "2014.10.18"]

1. d4 Nf6 2. c4 g6 3. g3 Bg7 4. Bg2 d5 5. cxd5 Nxd5 6. Nf3 O-O 7. O-O Nb6 8.
Nc3 Nc6 9. e3 Re8 10. Re1 e5 11. d5 Na5 12. e4 c6 13. b3 cxd5 14. exd5 e4 15.
Nxe4 Bf5 16. Bg5 Qxd5 17. Nf6+ Bxf6 18. Bxf6 Qxd1 19. Raxd1 Be4 20. Rd2 Nc6 21.
Rde2 Re6 22. Ng5 Rxf6 23. Nxe4 Re6 24. Nc5 Rxe2 25. Rxe2 Rd8 26. Kf1 Rd1+ 27.
Re1 Rd2 28. Re2 Rd1+ 29. Re1 Rd2 30. Nxb7 Nb4 31. a4 Nd3 32. Re8+ Kg7 33. Rd8
Rxf2+ 34. Kg1 Rd2 35. a5 Rd1+ 36. Bf1 Nb2 37. Rxd1 Nxd1 38. axb6 axb6 39. Nd6
Nc3 40. Bc4 f5 41. Kf2 Kf6 42. Ke3 Ke5 43. Nf7+ Kf6 44. Nd6 Ke5 45. Nb5 Ne4 46.
Na7 Kd6 47. b4 Nf6 48. Kf4 Ng4 49. Nb5+ Ke7 50. h3 Nf6 51. Nc3 Nh5+ 52. Kf3 Kd6
53. Nd5 Kc6 54. Nf4 Nf6 55. Ne6 Kd6 56. Nd4 Ke5 57. Ne2 g5 58. Bd3 1/2-1/2

[Event "M.Chigorin Memorial 2014"]
[Site "St. Petersburg"]
[Date "2014.10.21"]
[Round "4.128"]
[White "Makarevich, Julia"]
[Black "Leite, Catarina"]
[Result "1-0"]
[WhiteElo "1934"]
[BlackElo "2154"]
[PlyCount "81"]
[EventDate "2014.10.18"]

1. d4 Nf6 2. c4 e6 3. Nf3 b6 4. g3 Ba6 5. Nbd2 Bb4 6. Qc2 O-O 7. Bg2 d5 8. O-O
c6 9. b3 Nbd7 10. Rd1 Rc8 11. e4 Nb8 12. e5 Nfd7 13. h4 Be7 14. Nf1 c5 15. cxd5
cxd4 16. Qd2 exd5 17. Qxd4 Nc6 18. Qxd5 Ndxe5 19. Nxe5 Nxe5 20. Qxe5 Qxd1 21.
Bb2 Qg4 22. Qxe7 Bxf1 23. Rxf1 a5 24. Bd5 b5 25. Kg2 Qg6 26. Be4 Qg4 27. Bf3
Qg6 28. h5 Qh6 29. Re1 Rc2 30. Qe5 b4 31. Rd1 f6 32. Qe6+ Kh8 33. Qe7 Rcc8 34.
Bc1 g5 35. Bb2 Qg7 36. Qe6 Rce8 37. Qf5 Re7 38. Rd6 g4 39. Bxg4 Re5 40. Bxe5
fxe5 41. Qd7 1-0

[Event "M.Chigorin Memorial 2014"]
[Site "St. Petersburg"]
[Date "2014.10.21"]
[Round "4.129"]
[White "Kiseleva, Arina"]
[Black "Puzko, Danila"]
[Result "0-1"]
[WhiteElo "1922"]
[BlackElo "2154"]
[PlyCount "88"]
[EventDate "2014.10.18"]

1. d4 Nf6 2. Nf3 g6 3. g3 Bg7 4. Bg2 O-O 5. O-O d6 6. c4 Nc6 7. Nc3 a6 8. e4
Bg4 9. Be3 e5 10. d5 Nd4 11. Bxd4 exd4 12. Qxd4 Bxf3 13. Bxf3 Nd7 14. Qd2 Re8
15. Rae1 b5 16. cxb5 axb5 17. Nxb5 Rxa2 18. Nc3 Ra7 19. Ra1 Rb7 20. Ra2 Qf6 21.
Be2 Reb8 22. Rfa1 Nc5 23. Bc4 Rb4 24. Qe2 h5 25. Ra8 Qd8 26. Rxb8 Qxb8 27. Ra2
Qe8 28. Nb5 Qe7 29. f3 Qg5 30. Qc2 Qe3+ 31. Kg2 Rxc4 32. Qxc4 Nd3 33. b4 Ne1+
34. Kf1 Nxf3 35. Rf2 Nd2+ 36. Rxd2 Qxd2 37. Nxc7 Qxh2 38. b5 Qxg3 39. b6 Qf3+
40. Kg1 Qe3+ 41. Kg2 h4 42. b7 h3+ 43. Kf1 Qf3+ 44. Ke1 Bc3+ 0-1

[Event "M.Chigorin Memorial 2014"]
[Site "St. Petersburg"]
[Date "2014.10.21"]
[Round "4.130"]
[White "Smirnov, Mikhail"]
[Black "Filyanin, Daniil"]
[Result "0-1"]
[WhiteElo "2147"]
[BlackElo "1947"]
[PlyCount "120"]
[EventDate "2014.10.18"]

1. Nf3 d5 2. g3 c6 3. Bg2 Nf6 4. O-O Bf5 5. c4 e6 6. cxd5 exd5 7. a3 Be7 8. b4
O-O 9. d3 a5 10. bxa5 Qc8 11. Re1 Bh3 12. Bh1 Ng4 13. Bg2 Bxg2 14. Kxg2 Bc5 15.
d4 Bd6 16. Bd2 Nd7 17. Bb4 Qc7 18. h3 Ngf6 19. Nc3 Ne4 20. Nxe4 dxe4 21. Nd2
Rae8 22. Nc4 c5 23. Nxd6 Qxd6 24. dxc5 Qc6 25. Qd6 e3+ 26. Qxc6 bxc6 27. f4 Nf6
28. Red1 Rc8 29. Rd6 Nd5 30. Rd1 Rfe8 31. Kf3 f5 32. R6xd5 cxd5 33. Rxd5 g6 34.
Rd6 Rc7 35. a6 Kf7 36. g4 Re6 37. Rb6 Ke7 38. Rb7 Kd7 39. Ba5 Rxb7 40. axb7 Re8
41. gxf5 gxf5 42. Bc3 Kc6 43. Be5 Kxb7 44. Kxe3 Ra8 45. h4 Kc6 46. Bd6 Kd5 47.
Kf3 Rxa3+ 48. e3 Ra8 49. h5 Re8 50. Be5 Re6 51. Kg3 Kxc5 52. Kh4 h6 53. Kg3 Kc4
54. Kf3 Kd3 55. Bd4 Re8 56. Bc5 Rg8 57. Bd6 Rg1 58. Bf8 Rh1 59. Bxh6 Rxh5 60.
Bf8 Rh3+ 0-1

[Event "M.Chigorin Memorial 2014"]
[Site "St. Petersburg"]
[Date "2014.10.21"]
[Round "4.131"]
[White "Nasibullin, Iskander"]
[Black "Ivanov, Sergei V"]
[Result "0-1"]
[WhiteElo "1907"]
[BlackElo "2146"]
[PlyCount "148"]
[EventDate "2014.10.18"]

1. e4 c5 2. c3 d5 3. exd5 Qxd5 4. d4 Nc6 5. Nf3 e6 6. Be3 cxd4 7. cxd4 Nf6 8.
Nc3 Qa5 9. Bd3 Be7 10. O-O O-O 11. Rc1 Rd8 12. Re1 Nb4 13. Bb1 Nbd5 14. Bg5 Bd7
15. Ne5 Be8 16. Qd3 g6 17. Qf3 Qb4 18. Red1 Rac8 19. Rd2 Nd7 20. Bh6 Qd6 21.
Re1 N7f6 22. h3 b5 23. Ng4 Nxg4 24. hxg4 Nxc3 25. bxc3 b4 26. cxb4 Qxb4 27.
Red1 Bc6 28. Qf4 Rd7 29. Be4 Bxe4 30. Qxe4 Rd5 31. Rb1 Qd6 32. Bf4 Qd7 33. Be5
f6 34. Bf4 e5 35. Bg3 Rc4 36. Qf3 Rcxd4 37. Rxd4 exd4 38. Qd3 Bd6 39. Bxd6 Rxd6
40. Rb8+ Kg7 41. Qb3 Qf7 42. Rb7 Rd7 43. Qxf7+ Rxf7 44. Rb5 Rd7 45. Kf1 Kf7 46.
Ke2 Ke6 47. Kd3 h6 48. Ra5 f5 49. gxf5+ gxf5 50. Ra6+ Ke5 51. Rxh6 Rc7 52. Rh8
Rc3+ 53. Kd2 Ra3 54. Re8+ Kf4 55. Rd8 a5 56. Ra8 Rxa2+ 57. Kd3 Rxf2 58. Rxa5
Rxg2 59. Rd5 Rg1 60. Rxd4+ Kf3 61. Kd2 f4 62. Ra4 Rb1 63. Ra8 Kf2 64. Ra2 Re1
65. Ra3 Re8 66. Rd3 f3 67. Rd7 Kf1 68. Rd6 f2 69. Rg6 Rd8+ 70. Kc2 Rd5 71. Rg7
Ke2 72. Re7+ Kf3 73. Rf7+ Ke3 74. Kc1 Rd4 0-1

[Event "M.Chigorin Memorial 2014"]
[Site "St. Petersburg"]
[Date "2014.10.21"]
[Round "4.132"]
[White "Zherebtsova, Alexandra"]
[Black "Azimov, Ilyas"]
[Result "1-0"]
[WhiteElo "2142"]
[BlackElo "1938"]
[PlyCount "49"]
[EventDate "2014.10.18"]

1. d4 d5 2. Nf3 c6 3. c4 Nf6 4. Nc3 e6 5. e3 Nbd7 6. Qc2 Be7 7. Bd3 b6 8. O-O
Bb7 9. cxd5 exd5 10. Ne5 Nxe5 11. dxe5 Ng4 12. f4 Bc5 13. Qe2 h5 14. h3 Qh4 15.
Qf3 O-O-O 16. Bf5+ Kb8 17. hxg4 hxg4 18. Bxg4 Qh2+ 19. Kf2 d4 20. Ne4 Qh4+ 21.
Qg3 dxe3+ 22. Bxe3 Rd2+ 23. Be2 Rxe2+ 24. Kxe2 Ba6+ 25. Kf2 1-0

[Event "M.Chigorin Memorial 2014"]
[Site "St. Petersburg"]
[Date "2014.10.21"]
[Round "4.133"]
[White "Tskhadadze, Anna"]
[Black "Pyatin, Alexander"]
[Result "1/2-1/2"]
[WhiteElo "1860"]
[BlackElo "2142"]
[PlyCount "86"]
[EventDate "2014.10.18"]

1. c4 e5 2. g3 Nc6 3. Bg2 f5 4. d3 Nf6 5. Nc3 g6 6. e3 Bg7 7. Nge2 O-O 8. O-O
d6 9. e4 h6 10. h3 Be6 11. Nd5 Qd7 12. Kh2 Nd8 13. Be3 c6 14. Nxf6+ Rxf6 15.
Rc1 Rf8 16. f4 Kh7 17. Qd2 Nf7 18. b3 c5 19. fxe5 Nxe5 20. Nf4 Bf7 21. exf5
gxf5 22. d4 cxd4 23. Bxd4 Rac8 24. Rce1 Rfe8 25. Nd5 Bg6 26. Be3 b6 27. Re2 b5
28. cxb5 Qxb5 29. Nf4 Bf7 30. Ree1 Ng6 31. Ne2 Qd7 32. Nd4 Re5 33. Qd3 Be6 34.
Rc1 Rf8 35. Nc6 Rxe3 36. Qxe3 f4 37. gxf4 Re8 38. Be4 Bd5 39. Bxg6+ Kxg6 40.
Qd3+ Be4 41. Qg3+ Kh7 42. Nb4 Bb2 43. Rce1 Rg8 1/2-1/2